<?xml version="1.0" encoding="UTF-8"?>
<record
    xmlns:xsi="http://www.w3.org/2001/XMLSchema-instance"
    xsi:schemaLocation="http://www.loc.gov/MARC21/slim http://www.loc.gov/standards/marcxml/schema/MARC21slim.xsd"
    xmlns="http://www.loc.gov/MARC21/slim">

  <leader>01139nam a22002417a 4500</leader>
  <controlfield tag="003">OSt</controlfield>
  <controlfield tag="005">20221213112501.0</controlfield>
  <controlfield tag="008">120530t        xxu||||| |||| 00| 0 eng d</controlfield>
  <datafield tag="020" ind1=" " ind2=" ">
    <subfield code="a">9781308502601</subfield>
  </datafield>
  <datafield tag="022" ind1=" " ind2=" ">
    <subfield code="2">1308502605</subfield>
  </datafield>
  <datafield tag="040" ind1=" " ind2=" ">
    <subfield code="c">WIUC GH</subfield>
  </datafield>
  <datafield tag="050" ind1=" " ind2=" ">
    <subfield code="a">HF5635.P95</subfield>
  </datafield>
  <datafield tag="245" ind1=" " ind2=" ">
    <subfield code="a">Principles of financial accounting. /</subfield>
  </datafield>
  <datafield tag="246" ind1=" " ind2=" ">
    <subfield code="a">ACCO 1030: Accounting</subfield>
  </datafield>
  <datafield tag="250" ind1=" " ind2=" ">
    <subfield code="a">Custom edition for Marquette University</subfield>
  </datafield>
  <datafield tag="260" ind1=" " ind2=" ">
    <subfield code="a">New York :</subfield>
    <subfield code="b">McGraw-Hill, </subfield>
    <subfield code="c">2017.</subfield>
  </datafield>
  <datafield tag="300" ind1=" " ind2=" ">
    <subfield code="a">iv, , 566 p.:</subfield>
    <subfield code="b">ill.;</subfield>
  </datafield>
  <datafield tag="500" ind1=" " ind2=" ">
    <subfield code="a">Includes index.</subfield>
  </datafield>
  <datafield tag="505" ind1=" " ind2=" ">
    <subfield code="a">Contents: Introducing financial accounting -- Accounting system and financial statements -- Adjusting accounts for financial statements -- Reporting and analyzing merchandising operations -- Reporting and analyzing inventories -- Reporting and analyzing cash and internal controls -- Reporting and analyzing receivables -- Reporting and analyzing long-term assets -- Reporting and analyzing current liabilities -- Reporting and analyzing long-term liabilities -- Reporting and analyzing equity -- </subfield>
  </datafield>
  <datafield tag="650" ind1=" " ind2=" ">
    <subfield code="a">Accounting. </subfield>
    <subfield code="9">62</subfield>
  </datafield>
  <datafield tag="710" ind1=" " ind2=" ">
    <subfield code="a">Marquette University</subfield>
    <subfield code="9">840</subfield>
  </datafield>
  <datafield tag="942" ind1=" " ind2=" ">
    <subfield code="2">lcc</subfield>
    <subfield code="c">BK</subfield>
  </datafield>
  <datafield tag="999" ind1=" " ind2=" ">
    <subfield code="c">9347</subfield>
    <subfield code="d">16847</subfield>
  </datafield>
  <datafield tag="952" ind1=" " ind2=" ">
    <subfield code="0">0</subfield>
    <subfield code="1">0</subfield>
    <subfield code="2">lcc</subfield>
    <subfield code="4">0</subfield>
    <subfield code="7">0</subfield>
    <subfield code="a">WIUC-KL</subfield>
    <subfield code="b">WIUC-KL</subfield>
    <subfield code="c">GEN</subfield>
    <subfield code="d">2019-10-31</subfield>
    <subfield code="l">0</subfield>
    <subfield code="o">HF5635.P95</subfield>
    <subfield code="p">K/1054/1054/19</subfield>
    <subfield code="r">2022-12-12 00:00:00</subfield>
    <subfield code="w">2022-12-12</subfield>
    <subfield code="y">BK</subfield>
  </datafield>
</record>
